Top 10 des villes les plus peuplé du monde en 2025 - Wikipédia - Statistiques

Statistiques générales
  • Ce quiz a été pris 70 fois
  • Le résultat moyen est 7 sur 10
Statistiques - réponses
Ville % Correct
1er Tokyo
95%
10e New York
90%
8e Pékin
90%
3e Shanghai
81%
7e Mexico
68%
2nd New Delhi
65%
9e Bombay
59%
5e Le Caire
51%
6e São Paulo
48%
4e Dhaka
17%
Aucun quiz correspondant
Distribution des résultats
% des personnes avec chaque résultat
Percentile par nombre de réponses
Votre historique - résultats
Vous n’avez pas pris ce quiz